<?xml version="1.0" encoding="UTF-8"?>
<record
    xmlns:xsi="http://www.w3.org/2001/XMLSchema-instance"
    xsi:schemaLocation="http://www.loc.gov/MARC21/slim http://www.loc.gov/standards/marcxml/schema/MARC21slim.xsd"
    xmlns="http://www.loc.gov/MARC21/slim">

  <leader>00474nam a22001937a 4500</leader>
  <controlfield tag="003">OSt</controlfield>
  <controlfield tag="005">20140310181751.0</controlfield>
  <controlfield tag="008">130305t        xxu||||| |||| 00| 0 eng d</controlfield>
  <datafield tag="020" ind1=" " ind2=" ">
    <subfield code="a">9715690165</subfield>
  </datafield>
  <datafield tag="050" ind1=" " ind2=" ">
    <subfield code="a">PL 5531</subfield>
    <subfield code="b">.J62 1952</subfield>
  </datafield>
  <datafield tag="100" ind1=" " ind2=" ">
    <subfield code="a">Joaquin, Nick.</subfield>
  </datafield>
  <datafield tag="245" ind1=" " ind2=" ">
    <subfield code="a">Prose and poems</subfield>
    <subfield code="c">Joaquin, Nick.</subfield>
  </datafield>
  <datafield tag="260" ind1=" " ind2=" ">
    <subfield code="a">  (Makati, Metro Manila :)</subfield>
    <subfield code="b">Bookmark,</subfield>
    <subfield code="c">1991</subfield>
  </datafield>
  <datafield tag="300" ind1=" " ind2=" ">
    <subfield code="a">xv, 475 p. :</subfield>
    <subfield code="c"> 19 cm.</subfield>
  </datafield>
  <datafield tag="562" ind1=" " ind2=" ">
    <subfield code="e">1</subfield>
  </datafield>
  <datafield tag="942" ind1=" " ind2=" ">
    <subfield code="2">lcc</subfield>
    <subfield code="c">BK</subfield>
  </datafield>
  <datafield tag="999" ind1=" " ind2=" ">
    <subfield code="c">3219</subfield>
    <subfield code="d">3219</subfield>
  </datafield>
  <datafield tag="952" ind1=" " ind2=" ">
    <subfield code="0">0</subfield>
    <subfield code="1">0</subfield>
    <subfield code="2">lcc</subfield>
    <subfield code="4">0</subfield>
    <subfield code="a">LUX</subfield>
    <subfield code="b">LUX</subfield>
    <subfield code="c">FIL</subfield>
    <subfield code="d">2013-06-27</subfield>
    <subfield code="l">0</subfield>
    <subfield code="o">PL 5531 .J62 1952</subfield>
    <subfield code="p">2793</subfield>
    <subfield code="r">2014-08-13 00:00:00</subfield>
    <subfield code="t">2</subfield>
    <subfield code="w">2014-03-10</subfield>
    <subfield code="y">BK</subfield>
  </datafield>
  <datafield tag="952" ind1=" " ind2=" ">
    <subfield code="0">0</subfield>
    <subfield code="1">0</subfield>
    <subfield code="2">lcc</subfield>
    <subfield code="4">0</subfield>
    <subfield code="a">LUX</subfield>
    <subfield code="b">LUX</subfield>
    <subfield code="c">FIL</subfield>
    <subfield code="d">2013-11-05</subfield>
    <subfield code="l">0</subfield>
    <subfield code="o">PL 5531 .J62 1952</subfield>
    <subfield code="p">5468</subfield>
    <subfield code="r">2015-05-27 00:00:00</subfield>
    <subfield code="t">2</subfield>
    <subfield code="w">2013-11-05</subfield>
    <subfield code="y">BK</subfield>
  </datafield>
</record>
